000 00429nam a2200193Ia 4500
005 20240823035158.0
008 240823s9999||||xx |||||||||||||| ||und||
020 _a978-0-143-33239-8
041 _aENGLISH
082 _A823.8 Q2
100 _aKavita Daswani
245 0 _aLovetorn
250 _a1st
260 _c2012
_b"Penguin Books,En"
500 _aYES
650 _aNovel
_bEnglish
942 _cBK
999 _c200063
_d200063